Código Orgánico de Tribunales. Anotaciones y Concordancias. Títulos de artículos.
Sparad:
| Institutionell upphovsman: | |
|---|---|
| Övriga upphovsmän: | |
| Materialtyp: | Okänd |
| Språk: | engelska |
| Publicerad: |
Santiago, Chile:
Legal Publishing; Thomson Reuters,
2021
|
| Upplaga: | Edición Estudiantil. |
| Serie: | Colección Edición Estudiantil 2021
|
| Ämnen: | |
| Taggar: |
Lägg till en tagg
Inga taggar, Lägg till första taggen!
|
MARC
| LEADER | 00000 a2200000 4500 | ||
|---|---|---|---|
| 003 | CL-VaPUC | ||
| 005 | 20240926110628.0 | ||
| 008 | 210615b ||||| |||| 00| 0 eng d | ||
| 999 | |c 433073 |d 433071 | ||
| 020 | |a 978-956-400-189-0 | ||
| 040 | |c Pontificia Universidad Católica de Valparaíso | ||
| 082 | 0 | 4 | |a 347.8301 CHI 2021 |2 22 |
| 110 | 1 | |a Chile |9 890760 | |
| 245 | 1 | 0 | |a Código Orgánico de Tribunales. |b Anotaciones y Concordancias. Títulos de artículos. |
| 250 | |a Edición Estudiantil. |b Actualizada al 4 de enero de 2021 | ||
| 260 | |a Santiago, Chile: |b Legal Publishing; |b Thomson Reuters, |c 2021 | ||
| 300 | |a 262 páginas | ||
| 490 | 0 | |a Colección Edición Estudiantil 2021 | |
| 505 | |a -Ley N.º 7.421. -Título I. Del Poder Judicial y de la Administración de Justicia en general. -Título II. De los juzgados de garantía y de los tribunales de juicio oral en lo penal. -Título III. De los Jueces de Letras. -Título IV. De los Presidentes y Ministros de Corte como tribunales unipersonales. -Título V. Las Cortes de Apelaciones. -Título VI. La Corte Suprema. -Título VII. La competencia. -Título VIII. De la subrogación e integración. -Título IX. De los Jueces Árbitros. -Título X. De los Magistrados y del Nombramiento y Escalafón de los Funcionarios Judiciales. -Título XI. Los Auxiliares de la Administración de Justicia. -Título XII. Disposiciones generales aplicables a los auxiliares de la Administración de Justicia. -Título XIII. De los empleados u oficiales de secretaría. -Título XIV. La Corporación Administrativa del Poder Judicial. -Título XV. Los abogados. -Título XVI. De la jurisdicción disciplinaria y de la inspección y vigilancia de los servicios judiciales. -Título XVII. De la asistencia judicial y del privilegio de pobreza. | ||
| 583 | |k Cristina Rojas |c 20210616 | ||
| 650 | 1 | |a Código orgánico de tribunales |9 256731 | |
| 650 | 1 | |a Poder judicial |9 254871 | |
| 650 | 1 | |a Juzgados de garantía |9 492236 | |
| 650 | 1 | |a Tribunales de juicio oral |9 891685 | |
| 650 | 1 | |a Funcionarios judiciales |9 382750 | |
| 650 | 1 | |a Jurisprudencia |x Tribunales |9 891681 | |
| 700 | |a Hoyos de la Barrera, María Teresa |e directora |9 814204 | ||
| 942 | |2 ddc |c BK | ||
| 952 | |0 0 |1 0 |2 ddc |4 0 |6 347_830100000000000_CHI_2021 |7 0 |8 R |9 578086 |a BIBDER |b BIBDER |d 2021-06-09 |e 31 |g 0.00 |i 558440K |l 63 |m 3 |o 347.8301 CHI 2021 |p 558440K |r 2024-09-23 |s 2024-09-11 |t 1 |v 0.00 |w 2021-06-09 |y BK_R |k DER | ||